| Tag |
First Indicator |
Second Indicator |
Subfields |
| LEADER |
00000pam a2200000 a 4500 |
| 001 |
in00000084443 |
| 005 |
20151008061402.0 |
| 008 |
810227s1981 mau b 00110 eng |
| 010 |
|
|
|a 81001706
|
| 019 |
|
|
|a 8000928
|
| 020 |
|
|
|a 0884107116
|
| 035 |
|
|
|a (OCoLC)07273874
|
| 035 |
|
|
|9 AAJ7945AM
|
| 039 |
0 |
|
|a 2
|b 3
|c 3
|d 3
|e 3
|
| 040 |
|
|
|a DLC
|c DLC
|d TXA
|d UtOrBLW
|
| 043 |
|
|
|a n-us---
|
| 049 |
|
|
|a TXAM
|c [1329311]
|
| 050 |
0 |
0 |
|a HD7102.6.U5
|b M34
|
| 060 |
|
0 |
|a W 275 AA1 M39p
|
| 082 |
0 |
|
|a 368.4/2
|2 19
|
| 100 |
1 |
|
|a McGuire, Thomas G.,
|d 1950-
|
| 245 |
1 |
0 |
|a Financing psychotherapy :
|b costs, effects, and public policy /
|c Thomas G. McGuire.
|
| 264 |
|
1 |
|a Cambridge, Mass. :
|b Ballinger Pub. Co.,
|c [1981]
|
| 264 |
|
4 |
|c ©1981
|
| 300 |
|
|
|a xx, 241 pages ;
|c 24 cm.
|
| 336 |
|
|
|a text
|b txt
|2 rdacontent
|
| 337 |
|
|
|a unmediated
|b n
|2 rdamedia
|
| 338 |
|
|
|a volume
|b nc
|2 rdacarrier
|
| 500 |
|
|
|a Includes index.
|
| 504 |
|
|
|a Bibliography: pages 227-234.
|
| 650 |
|
0 |
|a Mental health insurance
|z United States.
|
| 650 |
|
0 |
|a Psychotherapy
|z United States.
|
| 650 |
|
2 |
|a Insurance, Psychiatric
|z United States.
|
| 650 |
|
2 |
|a National Health Insurance, United States.
|
| 650 |
|
2 |
|a Psychotherapy.
|
| 999 |
|
|
|a MARS
|
| 999 |
f |
f |
|s 523ca437-5861-3409-8889-62a584d2a1b0
|i d29d053e-dd85-3c8a-92f7-620138957740
|t 0
|
| 952 |
f |
f |
|p ric
|a Texas A&M University
|b Rellis Campus
|c Joint Library Facility
|d Remote Storage
|t 0
|e HD7102.6.U5 M34
|h Library of Congress classification
|i unmediated -- volume
|m A14806128968
|
| 998 |
f |
f |
|a HD7102.6.U5 M34
|t 0
|l Remote Storage
|